| 000 | 00951nam a2200241 a 4500 | ||
|---|---|---|---|
| 001 | 000028412 | ||
| 005 | 20250924073802.0 | ||
| 008 | 110408s1986 dr a 000 0 spa d | ||
| 040 |
_aDO-SdBNP _bspa _cBNPHU |
||
| 082 |
_axxx _bP949d |
||
| 100 | 1 |
_aPrieto Castillo, Daniel _955366 |
|
| 245 | 1 | 0 |
_aEl discurso nunca fue el reino nuestro / _cDaniel Prieto Castillo, Onofre de la Rosa y Carlos Eduardo Cortés. |
| 260 |
_aSanto Domingo : _bEditora Universitaria UASD, _c1986. |
||
| 300 |
_a20 p. : _bil. ; _c22 cm. |
||
| 490 | 1 |
_aPublicaciones de la Universidad Autónoma de Santo Domingo _v475 |
|
| 490 | 1 |
_aCuaderno de comunicación social _vno. 7 |
|
| 500 | _aIncluye notas al pie de las páginas | ||
| 700 | 1 |
_aRosa, Onofre de la _953700 |
|
| 700 | 1 |
_aCortés, Carlos Eduardo _955367 |
|
| 830 | 0 |
_aCuaderno de comunicación social ; _vno. 7 _955368 |
|
| 830 |
_aPublicaciones de la Universidad Autónoma de Santo Domingo _v475 _952 |
||
| 049 | _aBNPD | ||
| 999 |
_c27904 _d27904 |
||